000 01280nam a22002057a 4500
008 240701t2024 xxk|||||o|||| 00| 0 eng d
041 _aeng
110 _aRoyal Institution of Chartered Surveyors
245 _aRICS Regulatory Tribunal Rules
_h[Electronic resource]
250 _aversion 3
260 _aLondon,
_bRoyal Institution of Chartered Surveyors,
_c2024
300 _a41p.
490 _aRICS Regulation
520 _aThe RICS Regulatory Tribunal Rules are made by the Standards and Regulation Board of RICS under Article 18 of the Supplemental Charter 1973 of RICS and Bye-Laws made under Article 17 of that Charter. Version 3 of these Rules came into force on 14 March 2024. In accordance with RICS ByeLaw B5.6, any complaints or allegations that came to the attention of RICS before the date of implementation of any new Rules will be dealt with under the Charter, Bye-Law, Regulation and Rules provisions in force at the time when the matter came to the attention of RICS.
650 _aPROFESSIONAL STANDARDS
651 _aInternational
710 _aRoyal Institution of Chartered Surveyors
856 _uhttps://www.rics.org/content/dam/ricsglobal/documents/regulation/rics-regulatory-tribunal-rules-v3-2024.pdf
_zAvailable free on RICS.org
942 _n0
999 _c121962
_d121962